[Event "Travemuende op 19th"]
[Site "Travemuende"]
[Date "2002.12.28"]
[Round "3"]
[White "Haselhorst, Helmut"]
[Black "Sega, Reinhold"]
[Result "0-1"]
[WhiteElo "2144"]
[BlackElo "2086"]
[PlyCount "80"]
[EventDate "2002.12.21"]
[EventType "swiss"]
[EventRounds "7"]
[EventCountry "GER"]
[SourceTitle "EXT 2004"]
[Source "ChessBase"]
[SourceDate "2003.11.25"]
[SourceVersion "1"]
[SourceVersionDate "2003.11.25"]
[SourceQuality "1"]

1. d4 Nf6 2. Nf3 g6 3. Bf4 Bg7 4. e3 0-0 5. h3 c5 6. c3 d6 7. Nbd2 Nc6 8. Be2 cxd4 9. exd4 e5 10. dxe5 dxe5 11. Be3 Qc7 12. 0-0 Rd8 13. Qc1 Nd5 14. Nc4 b5 15. Na3 a6 16. Rd1 Bf5 17. Bh6 Bxh6 18. Qxh6 Nf4 19. Bf1 f6 20. Ne1 Ne7 21. Qh4 Kg7 22. f3 Be6 23. Nd3 Ned5 24. Nc2 Nxd3 25. Bxd3 Nf4 26. Be4 Rab8 27. Ne3 Rxd1+ 28. Rxd1 Bxa2 29. g3 Nh5 30. g4 Nf4 31. Kh2 Be6 32. g5 f5 33. Qh6+ Kg8 34. Nd5 Bxd5 35. Bxd5+ Nxd5 36. Rxd5 Rd8 37. Rxd8+ Qxd8 38. Qh4 Qd2+ 39. Kg1 Qc1+ 40. Kh2 Qxb2+ 0-1